zpět

Detail výsledku týmu

Hřebíkárna, Chomutov

Datum a čas kvízu

35.5 Celkem bodů Celkový počet nahraných bodů na tomto kvízu bez doplňovacích otázek.
3. Pořadí na kvízu Konečné umístění týmu na tomto kvízu.

Zaznamenané odpovědi

# Otázka Odpověď Body Výsledky
1. Starosta jedné městské části T... v Brně 1
2. Ve čtvrtek jsme se dozvěděli,... Katy Perry 1
3. Minulý týden byly zveřejněny v... Henry Cavill 1
4. Nová platforma Oneplay, která... O2 TV a Voyo 1
5. Ve středu odstartoval v norské... klasické (severské) lyžování 0
6. Jak zní oficiální anglický náz... Montenegro 1
7. V jistém městě v Královéhradec... Červený Kostelec 1
8. Která známá historická osobnos... Adolf Hitler 0
9. Jak se jmenuje prales na hrani... Bělověžský prales 1
10. Jak se nazývá německé pohoří,... Černý les (Schwarzwald) 1